000 01110nam a22003017a 4500
003 URS
005 20240712193907.0
008 230425b2019 ph ||||| |||| 00| 0 eng d
020 _a`9786218035560
040 _cDLC
_aDLC
_beng
_dDLC
_dURS
_erda
050 0 0 _aFil PE 1475 .R7887
_b2019
082 _a8018.0666
_bR7887 2019
100 _aRosales, Ma. Junithesmer D.
_eauthor
245 _aTechnical Writing :
_bA Resource Guide to Writing Across Disciplines /
_cMa. Junithesmer D. Rosales, Erliner A. Galano, and John Amiel A. Rivera.
260 _aMetro Manila
_bLorimar Publishing, INC.
_c[2019]
264 _aPhilippines :
_bLorimar Publishing, INC.,
_c[2019]
300 _axviii, 202 pages:
_bIllustrations,
_c26.5 cm,
336 _2rdacontent
_atext
_btxt
337 _2rdamedia
_aunmediated
_bn
338 _2rdacarrier
_avolume
_bnc
504 _aIncludes bibliographical references (pages 200-202)
650 _2English Language.
650 _2Technical English.
650 _2Technical Writing.
700 _aGalano, Erliner A.
_eauthor
700 _aRivera, John Amiel A.
_eauthor
942 _2ddc
_cF
999 _c69264
_d69263